|
|
|
|
| LEADER |
01123nam a2200313 a 4500 |
| 001 |
GR-Patra5661 |
| 008 |
991022s xxk 000 b eng d |
| 020 |
|
|
|a 0195070534
|
| 040 |
|
|
|a GrPaTEI
|b gre
|c GR-PaULI
|
| 245 |
0 |
0 |
|a Game theory with applications to economics.
|
| 250 |
|
|
|a 2nd ed.
|
| 260 |
|
|
|a Oxford :
|b Oxford University Press,
|c c1991
|
| 300 |
|
|
|a xxii, 322 σ. :
|b chart., πίν.
|
| 500 |
|
|
|a Bibliography: p.311-316
|
| 650 |
|
0 |
|a Economics
|
| 650 |
|
0 |
|a GAME THEORY
|
| 650 |
|
0 |
|a MATHEMATICS
|
| 650 |
|
4 |
|a ΘΕΩΡΙΑ ΠΑΙΧΝΙΔΙΟΥ
|
| 650 |
|
4 |
|a ΘΕΩΡΙΑ ΠΑΙΧΝΙΔΙΟΥ
|
| 650 |
|
4 |
|a Μαθηματικά
|
| 650 |
|
4 |
|a ΟΙΚΟΝΟΜΙΚΑ ΜΑΘΗΜΑΤΙΚΑ
|
| 650 |
|
4 |
|a Οικονομική
|
| 650 |
|
4 |
|a ΠΑΙΧΝΙΔΙ
|
| 700 |
1 |
|
|a Friedman, James W.
|
| 710 |
0 |
|
|a Oxford University Press
|
| 942 |
|
|
|2 ddc
|
| 952 |
|
|
|0 0
|1 0
|2 ddc
|4 0
|6 330_015930000000000_FRI
|7 0
|9 286718
|a LISK
|b LISK
|c BSC
|d 2021-01-17
|e 24
|f 0
|g 0.00
|l 0
|o 330.01593 FRI
|p 9241005711
|r 2021-01-17 00:00:00
|t 1
|w 2021-01-17
|y BK15
|x 19991024 0 1
|x GrPaTEI
|
| 971 |
|
|
|a .b26531690
|b 15-04-20
|c 23-09-16
|
| 999 |
|
|
|c 167275
|d 167275
|